| 000 | 00529 a2200181 4500 | ||
|---|---|---|---|
| 003 | OSt | ||
| 005 | 20240202115820.0 | ||
| 008 | 240202b |||||||| |||| 00| 0 eng d | ||
| 020 | _a8182711525 | ||
| 040 | _coclc | ||
| 082 |
_a297 _bJEF/P |
||
| 100 |
_aLang, Jeffrey _910356 |
||
| 245 |
_aPORATTAVUM KEEZHADANGALUM=STRUGGLING TO SURRENDER / _cJeffrey Lang |
||
| 250 | _a2nd ed. | ||
| 260 |
_aKozhikode: _bIslamic Publishing House, _c2014. |
||
| 300 | _a361p. | ||
| 942 |
_2ddc _cBK _h297 _iJEF/P _k297 _mJEF/P |
||
| 999 |
_c43416 _d43416 |
||